La maison musique et autres histoires
Gespeichert in:
| 1. Verfasser: | |
|---|---|
| Format: | Buch |
| Sprache: | Undetermined |
| Veröffentlicht: |
Génova, Italia
Éditions la Joie de Lire
1999
|
| Schlagworte: | |
| Tags: |
Tag hinzufügen
Keine Tags, Fügen Sie den ersten Tag hinzu!
|
MARC
| LEADER | 00000nam a2200000Ia 4500 | ||
|---|---|---|---|
| 008 | 170316s9999 xx 000 0 und d | ||
| 090 | |a 800-S B-2me | ||
| 100 | |a Bille, Corinna | ||
| 245 | |a La maison musique et autres histoires | ||
| 260 | |a Génova, Italia | ||
| 260 | |b Éditions la Joie de Lire | ||
| 260 | |c 1999 | ||
| 300 | |a 327 páginas | ||
| 650 | |a OTRAS LITERATURAS | ||
| 650 | |a LITERATURA SUIZA | ||
| 650 | |a EN IDIOMA FRANCÉS | ||
| 650 | |a HISTORIAS | ||
| 999 | |c 19977 |d 19977 | ||
| 040 | |a cru BVZT | ||
| 942 | |c 15 D |h 800-S B-2me |2 z | ||
